Вестник Ассоциации вузов туризма и сервиса, 2022, том 16, № 2 научный журнал
Gardado en:
| Formato: | Журнал |
|---|---|
| Acceso en liña: | https://znanium.com/catalog/document?id=427878 https://znanium.com/cover/2021/2021329.jpg |
| Метки: |
Engadir etiqueta
Sen Etiquetas, Sexa o primeiro en etiquetar este rexistro!
|
| LEADER | 01321nam0a2200253 i 4500 | ||
|---|---|---|---|
| 001 | RU\infra-m\znanium\bibl\2021329 | ||
| 003 | https://znanium.com/catalog/document?id=427878 | ||
| 005 | 20250612000000.0 | ||
| 100 | |a 20250612d2023 m y0rusy0150 ca | ||
| 101 | 0 | |a rus | |
| 102 | |a RU | ||
| 200 | 1 | |a Вестник Ассоциации вузов туризма и сервиса, 2022, том 16, № 2 |e научный журнал |e Журнал | |
| 210 | 1 | |a Москва |c Российский государственный университет туризма и сервиса |d 2022 | |
| 215 | |a 203 с. | ||
| 333 | |a ВО - Магистратура | ||
| 606 | |a Бизнес. Предпринимательство. Сервис |x Сервис. Бытовое обслуживание. Ресторанный бизнес |2 local | ||
| 608 | |a Журнал |2 local | ||
| 675 | |a 338 |z rus | ||
| 675 | |a 3799 |z rus | ||
| 686 | |a 6543 |2 rubbk | ||
| 686 | |a 758 |2 rubbk | ||
| 801 | 0 | |a RU |b Общество с ограниченной ответственностью «ЗНАНИУМ» |c 20230317 |2 rusmarc | |
| 856 | 4 | |a znanium.com |m ebs_support@infra-m.ru |n НИЦ ИНФРА-М |u https://znanium.com/catalog/document?id=427878 | |
| 856 | 4 | 1 | |a znanium.com |d /cover/2021 |f 2021329.jpg |q image/jpeg |u https://znanium.com/cover/2021/2021329.jpg |